| 000 | 01094cam a22002533a 4500 | ||
|---|---|---|---|
| 001 | 12674 | ||
| 003 | PGUSA | ||
| 005 | 20140828083255.0 | ||
| 008 | 040601s2004||||xxu|||||s|||||000 | eng d | ||
| 040 |
_aPGUSA _beng |
||
| 042 | _adc | ||
| 050 | 4 | _aBF | |
| 100 | 1 |
_aLang, Andrew, _d1844-1912 |
|
| 245 | 1 | 0 |
_aCock Lane and Common-Sense _h[electronic resource] / _cAndrew Lang |
| 260 |
_bProject Gutenberg, _c2004 |
||
| 505 | 0 | _aPreface -- Introduction -- Savage spiritualism -- Ancient spiritualism -- Comparative psychical research -- Haunted houses -- Cock Lane and common-sense -- Apparitions, ghosts, and hallucinations -- Scrying or crystal-gazing -- The second sight -- Ghosts before the law -- A modern trial for witchcraft -- Presbyterian ghost hunters -- The logic of table-turning -- The ghost theory of the origin of religion. | |
| 506 | _aPublic domain in the USA. | ||
| 516 | _aElectronic text | ||
| 653 | _aParapsychology -- Early works to 1900 | ||
| 653 | _aGhosts | ||
| 830 | 0 |
_aProject Gutenberg _v12674 |
|
| 856 | 4 | 0 | _uhttp://www.gutenberg.org/ebooks/12674 |
| 942 | _cEB | ||
| 999 |
_c241929 _d241929 |
||